Extrakcia obsahu dokumentov do formy vhodnej pre automatizovanú analýzu textu

Gespeichert in:
Bibliographische Detailangaben
1. Verfasser: Striha, Juraj (Verfasst von)
Weitere Verfasser: Novák, Vladislav (Betreuung Doktorarbeit)
Format: Manuskript Buch
Sprache:Slowakisch
Veröffentlicht: Bratislava : STU v Bratislave FEI, 2025
Schlagworte:
Online-Zugang:https://opac.crzp.sk/?fn=detailBiblioFormChildKAIT0N&sid=BA75C2D62745AD5727E5929ED92F&seo=CRZP-detail-kniha
Tags: Tag hinzufügen
Keine Tags, Fügen Sie das erste Tag hinzu!

MARC

LEADER 00000ntm a22000003a 4500
001 stuzp103393
003 SK-STU
005 20260127130943.8
007 ta
008 150427s2015----xo-----f-mn---000-0-slo-d
040 |a STU  |b slo 
041 0 |a slo 
044 |a xo 
100 1 |a Striha, Juraj  |u 035000  |4 aut  |U FEI Fakulta elektrotechniky a informatiky  |T FEI Ústav informatiky a matematiky  |X 120481  |U E050  |Y 816  |7 120481 
242 0 1 |a Extraction of Document Content into a Form Suitable for Automated Text Analysis  |y eng 
245 1 0 |a Extrakcia obsahu dokumentov do formy vhodnej pre automatizovanú analýzu textu 
260 |a Bratislava :  |b STU v Bratislave FEI,  |c 2025 
300 |a 50 s. 
650 4 |a extrakcia obsahu  |2 slo 
650 4 |a analýza textu  |2 slo 
650 4 |a PDF  |2 slo 
650 4 |a text analysis  |2 eng 
650 4 |a PDF  |2 eng 
650 4 |a content extraction  |2 eng 
700 1 |a Novák, Vladislav  |u 035000  |k Z1  |4 ths  |U FEI Fakulta elektrotechniky a informatiky  |T FEI Ústav informatiky a matematiky  |X 10137  |U E050  |Y 816  |7 A000010137 
856 4 |u https://opac.crzp.sk/?fn=detailBiblioFormChildKAIT0N&sid=BA75C2D62745AD5727E5929ED92F&seo=CRZP-detail-kniha